| 000 | 00647nam a22002057a 4500 | ||
|---|---|---|---|
| 003 | 0 | ||
| 005 | 20250310170250.0 | ||
| 008 | 250301b xxu||||| |||| 00| 0 eng d | ||
| 020 | _a978-1-64221-074-3 | ||
| 050 |
_aHF 5686.R3 _b.B73 2021 |
||
| 100 | _aBragg, Steven M. | ||
| 245 |
_aReal estate accounting: _ba practitioner's guide _cSteven M. Bragg |
||
| 250 | _bFifth Edition | ||
| 260 |
_aCentennial, Colorado _bAccounting tools, Inc., _c2021 |
||
| 300 |
_aviii, 181 pages; _c25cm. |
||
| 504 | _aIncludes index. | ||
| 650 | _aProperty Management – Accounting. | ||
| 650 | _aReal Estate Accounting--Real Estate Finance. | ||
| 942 |
_2lcc _cBK |
||
| 999 |
_c367271 _d367271 |
||